000 00536nam a2200193Ia 4500
001 9487
003 GE_BSU
008 181216s||||||||xx |||||||||||||| ||und||
040 _cGE_BSU
245 _aАзия и Африка сегодня. №2(679). 2014
245 _cГл.ред.Васильев А.М.
260 _aМосква
260 _bНаука
260 _c2014
300 _a80ст.29см.
653 _aАзия и Африка сегодня. №2(679). 2014
653 _aპერიოდიკა
942 _cCR
999 _c42781
_d42781